[Event "Master Open"]
[Site "Voronezh"]
[Date "2018.06.13"]
[Round "2.58"]
[White "Solozhenkina, Elizaveta"]
[Black "Shoboev, Dandar"]
[Result "1-0"]
[WhiteElo "2258"]
[BlackElo "2091"]
[Annotator ""]
[Source ""]
[Remark ""]

1.e4 c5 2.Nf3 e6 3.Nc3 Nc6 4.d4 cxd4 5.Nxd4 Qc7 6.Be3 a6 7.Qf3
Ne5 8.Qg3 b5 9.a3 Nf6 10.f4 Nc4 11.Bxc4 Qxc4 12.e5 Nd5 13.Nxd5
Qxd5 14.O-O-O Qa2 15.Nb3 Bb7 16.Bd4 Rc8 17.Kd2 Be4 18.Ra1 Rxc2+
19.Kd1 Rxb2 20.Rxa2 Rxa2 21.Qc3 Bc6 22.Bc5 Rxg2 23.Nd4 Bd5 24.Bxf8
Rxf8 25.Qc8+ Ke7 26.Qc5+ Ke8 27.Qc8+ Ke7 28.Qxa6 Ra8 29.Qd6+
Ke8 30.Rf1 Ra4 31.Qb8+ Ke7 32.Qd6+ Ke8 33.Qb6 b4 34.Qb8+ Ke7
35.f5 f6 36.Qd6+ Ke8 37.fxe6 dxe6 38.exf6 1-0

[Event "Master Open"]
[Site "Voronezh"]
[Date "2018.06.13"]
[Round "2.59"]
[White "Najdin, Danil"]
[Black "Lystsov, Leonid"]
[Result "0-1"]
[WhiteElo "2250"]
[BlackElo "2086"]
[Annotator ""]
[Source ""]
[Remark ""]

1.e4 d6 2.d4 Nf6 3.Nc3 g6 4.f4 Bg7 5.Nf3 O-O 6.Bd3 Nc6 7.e5 dxe5
8.fxe5 Nh5 9.Be3 Bg4 10.Be2 f6 11.e6 Nb4 12.Bc4 c6 13.O-O Nd5
14.Bxd5 cxd5 15.Qe1 Bxe6 16.Qh4 Qd7 17.h3 f5 18.Ne5 Qc7 19.Bg5
Nf6 20.Rae1 Bf7 21.Re3 Ne4 22.Nxe4 dxe4 23.g4 Be6 24.Bxe7 Rfe8
25.Bg5 Qxc2 26.Rc3 Qxb2 27.Rfc1 Rac8 28.Qg3 Rxc3 29.Rxc3 Bd5
30.gxf5 e3 31.Rxe3 Qa1+ 32.Kf2 Qb2+ 33.Kg1 Qa1+ 34.Kf2 Qxd4 35.f6
Bf8 36.Bf4 Bc5 37.Kf1 Bf7 38.Qf3 Qb2 39.Nxf7 Qc1+ 40.Kg2 Rxe3
41.Bxe3 Qxe3 42.Qxe3 Bxe3 43.Nd8 b5 44.Kf3 Bb6 45.Nb7 Bc7 46.Ke4
Kf7 47.Kd5 Kxf6 48.Kc6 Bb6 49.Kxb5 Kg5 50.Nd6 Kh4 51.Ne4 Kxh3
52.Ng5+ Kh4 53.Nxh7 g5 54.Nf6 g4 55.Nd5 g3 56.Nf4 Kg4 57.Ng2
Kf3 58.Nh4+ Kf2 0-1

[Event "Master Open"]
[Site "Voronezh"]
[Date "2018.06.13"]
[Round "2.60"]
[White "Yakimenko, Alexander A."]
[Black "Sargissyan, Sargis"]
[Result "0-1"]
[WhiteElo "2094"]
[BlackElo "2249"]
[Annotator ""]
[Source ""]
[Remark ""]

1.d4 Nf6 2.c4 g6 3.f3 Bg7 4.e4 O-O 5.Nc3 d6 6.Bg5 a6 7.Qd2 c5
8.Nge2 Nc6 9.d5 Na5 10.Nc1 e6 11.Be2 exd5 12.Nxd5 Nc6 13.Nb3
Be6 14.O-O Bxd5 15.cxd5 Ne5 16.Rae1 Qc7 17.Kh1 Rfe8 18.Bd1 c4
19.Nc1 Rac8 20.f4 Ned7 21.e5 dxe5 22.d6 Qc5 23.fxe5 Rxe5 24.Rxe5
Qxe5 25.Bf3 Ne4 26.Bxe4 Qxe4 27.Re1 Qf5 28.Ne2 h6 29.Be3 Re8
30.Nf4 Bf8 31.h3 g5 32.Nd5 Bxd6 33.Rd1 Qe5 34.Bg1 Bb8 35.Ne3
Nf6 36.Nxc4 Qc7 37.Nd6 Rd8 38.Bh2 Ne4 39.Qe2 Nxd6 40.Bxd6 Rxd6
41.Qe8+ Kg7 0-1

[Event "Master Open"]
[Site "Voronezh"]
[Date "2018.06.13"]
[Round "2.61"]
[White "Parfenov, Viktor N."]
[Black "Gasparian, Haik"]
[Result "1/2-1/2"]
[WhiteElo "2247"]
[BlackElo "2069"]
[Annotator ""]
[Source ""]
[Remark ""]

1.d4 Nf6 2.Nf3 d5 3.c4 e6 4.g3 c5 5.cxd5 Nxd5 6.Bg2 cxd4 7.O-O
Bc5 8.Nxd4 O-O 9.Nc3 Nxc3 10.bxc3 Qe7 11.Qc2 Na6 12.Rb1 Rb8 13.h4
Rd8 14.Qe4 e5 15.Nf5 Bxf5 16.Qxf5 b6 17.h5 Rd6 18.Be4 g6 19.hxg6
hxg6 20.Qg4 Qd7 21.Qh4 Re8 22.Bg5 f5 23.Bd3 Nc7 24.Bc4+ Ne6 25.Bb5
Qf7 26.Bf6 Ng7 27.Bxg7 Kxg7 28.Bxe8 Qxe8 29.Rbd1 Qd7 30.Rxd6
Qxd6 31.Qa4 e4 32.Kg2 Qd2 33.Qc4 a5 34.a4 Kf6 35.Rh1 Kg7 36.Qa6
Kf6 37.Qc4 Kg7 38.Ra1 Kf6 39.Ra2 Qd1 40.e3 Qf3+ 41.Kg1 f4 42.gxf4
Qg4+ 43.Kf1 Qd1+ 44.Kg2 Qg4+ 45.Kf1 Qd1+ 1/2-1/2

[Event "Master Open"]
[Site "Voronezh"]
[Date "2018.06.13"]
[Round "2.62"]
[White "Kovalenko, Sergey"]
[Black "Kyshtymov, Daniil"]
[Result "0-1"]
[WhiteElo "2237"]
[BlackElo "2032"]
[Annotator ""]
[Source ""]
[Remark ""]

1.d4 Nf6 2.Bf4 g6 3.Nf3 Bg7 4.e3 d6 5.Bc4 O-O 6.h3 Nbd7 7.O-O
c5 8.c3 b6 9.a4 a6 10.Qe2 Bb7 11.Nbd2 h6 12.Bh2 Re8 13.Rad1 e5
14.dxe5 dxe5 15.Nh4 Nf8 16.Ne4 Qc7 17.Nd6 Re7 18.Nxb7 Qxb7 19.Nf3
N8d7 20.e4 Qc6 21.b3 Nxe4 22.Qc2 Nef6 23.Rfe1 b5 24.axb5 axb5
25.Bf1 Rae8 26.Kh1 Kh7 27.Ng1 c4 28.bxc4 bxc4 29.Qd2 Nc5 30.f3
Na4 31.Ra1 Nb6 32.Ra6 Nfd5 33.Rb1 e4 34.fxe4 Rxe4 35.Qf2 R4e6
36.Ne2 Rf6 37.Qg1 Qb7 38.Ra5 Ne3 39.Nd4 Qe4 40.Re1 Nbd5 41.Bxc4
Nf4 42.Ra2 Nxh3 43.Qxe3 Qxe3 44.Rxe3 Rxe3 45.gxh3 Rxc3 46.Rc2
Rxh3 47.Kg2 Rh5 48.Nf3 Rc6 49.Bg1 Ra5 50.Kg3 Ra4 51.Bd3 Rxc2
52.Bxc2 Rc4 53.Bb3 Rc7 54.Bd5 Bf6 55.Bb6 Rd7 56.Bc4 Kg7 57.Kf4
Rb7 0-1

[Event "Master Open"]
[Site "Voronezh"]
[Date "2018.06.13"]
[Round "2.63"]
[White "Pokhvalit, Alexander"]
[Black "Dmitriev, Igor"]
[Result "0-1"]
[WhiteElo "2087"]
[BlackElo "2236"]
[Annotator ""]
[Source ""]
[Remark ""]

1.e4 c6 2.c4 d5 3.exd5 cxd5 4.cxd5 Nf6 5.Nc3 Nxd5 6.Nf3 e6 7.Qb3
Nc6 8.Bb5 Be7 9.Ne5 Bd7 10.Nxd5 Nxe5 11.Nxe7 Qxe7 12.O-O Bxb5
13.Qxb5+ Nc6 14.b3 O-O 15.Bb2 Rfd8 16.Bc3 Rd5 17.Qe2 Rad8 18.Rac1
Qh4 19.g3 Qh3 20.a4 h5 21.Qe4 R8d7 22.b4 a6 23.Rb1 Nd4 24.Kh1
Nb3 25.Rfd1 Nxd2 26.Rxd2 Rxd2 27.Bxd2 Rxd2 28.Rc1 g6 29.Qf4 Rd7
30.Qh6 Rd8 31.Qg5 Re8 32.f3 e5 33.b5 axb5 34.axb5 Qd7 35.b6 Qd3
36.Qf6 e4 37.Qc3 Qxf3+ 38.Qxf3 exf3 39.Kg1 Re6 40.Rb1 Re2 41.Rb3
Kg7 42.Rb5 Kf6 43.Rb3 Ke6 44.Rxf3 Rb2 45.Re3+ Kf6 46.Rf3+ Kg7
47.h4 Rxb6 48.Kg2 Rb2+ 49.Kf1 b5 50.Ke1 f6 51.Kd1 g5 52.Kc1 Rg2
53.hxg5 fxg5 54.Rb3 Kg6 55.Kd1 Kf5 56.Ke1 Kg4 0-1

[Event "Master Open"]
[Site "Voronezh"]
[Date "2018.06.13"]
[Round "2.64"]
[White "Martynyuk, Elizaveta"]
[Black "Selifonova, Aleksandra"]
[Result "0-1"]
[WhiteElo "2229"]
[BlackElo "1920"]
[Annotator ""]
[Source ""]
[Remark ""]

1.e4 e5 2.Nf3 Nf6 3.Nxe5 d6 4.Nf3 Nxe4 5.Nc3 Nxc3 6.dxc3 Be7
7.Bd3 Nc6 8.Be3 Be6 9.Qd2 Qd7 10.O-O-O O-O-O 11.Kb1 a6 12.h3
Bf5 13.Bc4 Bf6 14.Nd4 Bxd4 15.Bxd4 Nxd4 16.Qxd4 Be6 17.Bxe6 fxe6
18.f4 Rhf8 19.Rhe1 Rf6 20.g3 c6 21.Re3 Kc7 22.c4 Qe7 23.Rb3 h6
24.Qb6+ Kc8 25.Qa7 Qc7 26.h4 Rf5 27.Re3 Re8 28.Qd4 e5 29.Qxd6
Qxd6 30.Rxd6 Ref8 31.b3 exf4 32.gxf4 Rxf4 33.Re7 R8f7 34.Re8+
Kc7 35.c5 Rd7 36.Rde6 Rxh4 37.Rg8 Rh5 38.b4 Rf7 39.Ree8 Kd7 40.Kb2
Rg5 41.Re4 Rg3 42.Rb8 Kc7 43.Ree8 Kd7 44.Rbd8+ Kc7 45.Rd4 Rgf3
46.Rg8 g5 47.Rh8 R3f4 48.Kc3 Rxd4 49.Kxd4 Rf4+ 50.Ke5 Rxb4 51.Rxh6
Rc4 52.Rh7+ Kb8 53.Rh8+ Ka7 54.Kd6 Rxc2 55.Rg8 Rxa2 56.Rxg5 Rd2+
57.Kc7 Rd5 0-1

[Event "Master Open"]
[Site "Voronezh"]
[Date "2018.06.13"]
[Round "2.65"]
[White "Afanasieva, Alexandra"]
[Black "Shemyakin, Valeriy"]
[Result "0-1"]
[WhiteElo "2069"]
[BlackElo "2229"]
[Annotator ""]
[Source ""]
[Remark ""]

1.e4 g6 2.d4 Bg7 3.Nc3 c6 4.Be3 b5 5.Qd2 d6 6.O-O-O b4 7.Nb1
a5 8.f3 h5 9.Nh3 Nf6 10.Nf2 Be6 11.b3 Na6 12.Be2 Qb8 13.Nd3 Nc7
14.Nf4 Bd7 15.Bc4 d5 16.Bd3 dxe4 17.fxe4 Ng4 18.Kb2 Qa7 19.Bc4
Nxe3 20.Qxe3 e5 21.Nd3 exd4 22.Qf4 Ne6 23.Qd6 Qb8 24.Qxb8+ Rxb8
25.Nd2 Ke7 26.e5 h4 27.h3 Rh5 28.Nf3 Rd8 29.Rhe1 g5 30.Re4 Bc8
31.Bxe6 Bxe6 32.Nxd4 Bd5 33.Nf5+ Kf8 34.Nxg7 Kxg7 35.Re2 Be6
36.Rf1 Rd4 37.Nc5 g4 38.Nxe6+ fxe6 39.hxg4 Rxg4 40.Rd1 Rhg5 41.Rd7+
Kg6 42.Rd8 Kh7 43.Rd7+ Rg7 44.Rdd2 Kg6 45.Rd8 Kh7 46.Rdd2 Kh6
47.Rd8 R7g6 48.Re8 c5 49.Rf2 Re4 50.Rh8+ Kg5 51.Rf7 Rxe5 52.Rfh7
Kf6 53.Rxh4 Rxg2 54.Rf8+ Ke7 55.Rhh8 Ree2 56.Re8+ Kd6 57.Rd8+
Ke7 58.Rde8+ Kf6 59.Ref8+ Ke5 60.Rh5+ Kd6 61.Kb1 Re1+ 62.Kb2
Rgg1 63.c4 Re2# 0-1

[Event "Master Open"]
[Site "Voronezh"]
[Date "2018.06.13"]
[Round "2.1"]
[White "Maghsoodloo, Parham"]
[Black "Gukesh, D"]
[Result "1/2-1/2"]
[WhiteElo "2638"]
[BlackElo "2431"]
[Annotator ""]
[Source ""]
[Remark ""]

1.Nf3 Nf6 2.g3 d5 3.Bg2 c5 4.O-O Nc6 5.d3 e5 6.Nbd2 Be7 7.e4
d4 8.Nc4 Qc7 9.a4 O-O 10.Nh4 g6 11.f4 exf4 12.Bxf4 Qd8 13.Nf3
Be6 14.b3 Ng4 15.Qd2 Bxc4 16.bxc4 Bd6 17.e5 Bb8 18.Qc1 Bc7 19.Qd2
Bb8 20.Qc1 Bc7 21.Qd2 Bb8 22.Qc1 1/2-1/2

[Event "Master Open"]
[Site "Voronezh"]
[Date "2018.06.13"]
[Round "2.2"]
[White "Shinkevich, Vitaly"]
[Black "Ponkratov, Pavel"]
[Result "1/2-1/2"]
[WhiteElo "2429"]
[BlackElo "2622"]
[Annotator ""]
[Source ""]
[Remark ""]

1.d4 Nf6 2.c4 g6 3.Nf3 Bg7 4.g3 O-O 5.Bg2 d5 6.cxd5 Nxd5 7.O-O
Nb6 8.Nc3 Nc6 9.e3 Re8 10.d5 Na5 11.Nd4 Bd7 12.e4 c5 13.Nb3 Na4
14.Nxa4 Bxa4 15.Qf3 Qb6 16.Nxa5 Qxa5 17.Bf4 e6 18.d6 e5 19.Bg5
f6 20.Be3 Rad8 21.b3 Bc6 22.Rfd1 Re6 23.Qe2 Rexd6 24.Rxd6 Rxd6
25.Qc4+ Kh8 26.Qxc5 Qd8 27.h4 a6 28.Kh2 h5 29.a4 Bf8 30.Qc4 Kg7
31.Rc1 Be7 32.Bh3 Bf8 33.Bg2 Be7 34.Bh3 Bf8 35.Bg2 Be7 36.Bh3 1/2-1/2

[Event "Master Open"]
[Site "Voronezh"]
[Date "2018.06.13"]
[Round "2.3"]
[White "Popov, Ivan"]
[Black "Shagbazyan, Taron"]
[Result "1-0"]
[WhiteElo "2608"]
[BlackElo "2429"]
[Annotator ""]
[Source ""]
[Remark ""]

1.e4 e5 2.Bc4 Nc6 3.Nf3 d6 4.c3 Be6 5.Bxe6 fxe6 6.Qb3 Qc8 7.O-O
Nf6 8.Re1 h6 9.d4 g5 10.Na3 Bg7 11.dxe5 dxe5 12.Nc4 Nh5 13.h4
Nf4 14.hxg5 hxg5 15.Nxg5 Nd3 16.Re3 Nxc1 17.Rxc1 Bh6 18.Rh3 Ke7
19.f4 exf4 20.Nf3 a6 21.Rd1 Kf6 22.e5+ Kf7 23.Qc2 Ne7 24.Ncd2
Nf5 25.Nh4 Bf8 26.Nxf5 Rxh3 27.gxh3 exf5 28.Nf3 Be7 29.Qb3+ Qe6
30.Rd7 Qxb3 31.axb3 Rc8 32.Nd4 Ke8 33.e6 Rd8 34.Rxc7 Bf6 35.Nxf5
b5 36.Rf7 Be5 37.Re7+ Kf8 38.Ra7 1-0

[Event "Master Open"]
[Site "Voronezh"]
[Date "2018.06.13"]
[Round "2.4"]
[White "Looshnikov, Nikolai"]
[Black "Kokarev, Dmitry"]
[Result "1/2-1/2"]
[WhiteElo "2424"]
[BlackElo "2603"]
[Annotator ""]
[Source ""]
[Remark ""]

1.e4 c5 2.c3 Nf6 3.e5 Nd5 4.d4 cxd4 5.Nf3 Nc6 6.cxd4 d6 7.Bc4
dxe5 8.dxe5 Ndb4 9.Qb3 e6 10.O-O Na5 11.Bb5+ Bd7 12.Qa4 Bxb5
13.Qxb5+ Nac6 14.Nc3 a6 15.Qc4 Qd3 16.Qg4 Qg6 17.Qxg6 hxg6 18.Rd1
Be7 19.a3 Nc2 20.Ra2 Rd8 21.Rxd8+ Bxd8 22.Ne2 Bb6 23.b4 N2d4
24.Nfxd4 Nxd4 25.Be3 Nxe2+ 26.Rxe2 Bxe3 27.Rxe3 Rh4 28.g3 Rc4
29.h4 Ke7 30.Kg2 f6 31.f4 b6 32.Kf3 1/2-1/2

[Event "Master Open"]
[Site "Voronezh"]
[Date "2018.06.13"]
[Round "2.5"]
[White "Cherniaev, Alexander"]
[Black "Timofeev, Artyom"]
[Result "1/2-1/2"]
[WhiteElo "2417"]
[BlackElo "2583"]
[Annotator ""]
[Source ""]
[Remark ""]

1.e4 d6 2.Nc3 c5 3.f4 g6 4.d4 cxd4 5.Qxd4 Nf6 6.e5 Nc6 7.Bb5
Nd7 8.Bxc6 bxc6 9.exd6 Nf6 10.Nf3 Qxd6 11.Qxd6 exd6 12.O-O Be6
13.b3 Bg7 14.Bb2 O-O 15.Rad1 Rfd8 16.Rfe1 Bg4 17.Ne4 Nxe4 18.Bxg7
Kxg7 19.Rxe4 Bxf3 20.gxf3 Kf6 21.Kf2 d5 22.Re5 Re8 23.Rxe8 Rxe8
24.Rd4 Kf5 25.c4 Re7 26.cxd5 cxd5 27.Rxd5+ Kxf4 28.Rd4+ Kf5 29.Rd5+
Kf4 30.Rd4+ Kf5 31.Rd5+ Kf4 32.Rd4+ Ke5 1/2-1/2

[Event "Master Open"]
[Site "Voronezh"]
[Date "2018.06.13"]
[Round "2.6"]
[White "Tiviakov, Sergei"]
[Black "Bryakin, Mikhail"]
[Result "1-0"]
[WhiteElo "2580"]
[BlackElo "2407"]
[Annotator ""]
[Source ""]
[Remark ""]

1.e4 c6 2.Nc3 d5 3.Nf3 dxe4 4.Nxe4 Nf6 5.Qe2 Nxe4 6.Qxe4 Nd7
7.Bc4 Nf6 8.Ne5 e6 9.Qe2 Qc7 10.d4 Bd6 11.O-O O-O 12.Re1 b6 13.Bg5
Nd5 14.Bd2 f6 15.Nf3 Bd7 16.Bd3 Nf4 17.Bxf4 Bxf4 18.Rad1 Rae8
19.c4 e5 20.dxe5 Bxe5 21.Bxh7+ Kxh7 22.Qd3+ Kg8 23.Nxe5 Rxe5
24.Rxe5 fxe5 25.Qxd7 Qxd7 26.Rxd7 Rf4 27.Rxa7 Rxc4 28.g3 Kf8
29.b3 Rc2 30.Ra4 Ke7 31.Rg4 Rxa2 32.Rxg7+ Kf6 33.Rg8 e4 34.h4
Kf7 35.Rc8 Rc2 36.g4 Kf6 37.Rf8+ Kg7 38.Rb8 Rc1+ 39.Kg2 Rc2 40.Kg3
Rc3+ 41.Kf4 Rxb3 42.Kxe4 Rb4+ 43.Kf5 Rb5+ 44.Kf4 Rb4+ 45.Kg3
b5 46.h5 Kh6 47.f4 Rb1 48.Rh8+ Kg7 49.Rc8 Rc1 50.g5 b4 51.Rc7+
Kh8 52.Rb7 c5 53.Kg4 Rd1 54.g6 Rd8 55.f5 c4 56.f6 Kg8 57.Rh7 1-0

[Event "Master Open"]
[Site "Voronezh"]
[Date "2018.06.13"]
[Round "2.7"]
[White "Palachev, Petr"]
[Black "Volkov, Sergey"]
[Result "1/2-1/2"]
[WhiteElo "2405"]
[BlackElo "2580"]
[Annotator ""]
[Source ""]
[Remark ""]

1.Nf3 d5 2.e3 c5 3.d4 Nf6 4.c4 cxd4 5.exd4 e6 6.Nc3 Be7 7.cxd5
Nxd5 8.Bd3 Nc6 9.O-O O-O 10.a3 Bf6 11.Re1 Nde7 12.Be3 g6 13.Be4
Bg7 14.Rc1 Bd7 15.b4 Rc8 16.Qd2 Be8 17.Red1 Nd5 18.Nxd5 exd5
19.Bb1 Ne7 20.Bh6 Bb5 21.Bxg7 Kxg7 22.Rc5 Bc4 23.Ne5 b6 24.Rxc8
Nxc8 25.Rc1 Nd6 26.Bd3 b5 27.Re1 Re8 28.g3 f6 29.Nf3 Bxd3 30.Qxd3
Re4 31.Rc1 Nc4 32.Nd2 Re7 33.Nb3 Qe8 34.Nc5 Re2 35.Qf3 Nd2 36.Qd3
g5 37.h3 h5 38.Rd1 Re1+ 39.Rxe1 Qxe1+ 40.Kg2 Ne4 41.Nxe4 Qxe4+
42.Qxe4 dxe4 43.f3 f5 44.fxe4 fxe4 45.Kf2 Kf6 46.Ke3 Kf5 47.g4+
hxg4 48.hxg4+ Kxg4 49.Kxe4 Kh5 50.Kf5 g4 51.d5 g3 52.d6 g2 53.d7
g1Q 54.d8Q Qf2+ 55.Ke6 Qe3+ 56.Kd6 Qxa3 57.Qe8+ Kg4 58.Qxb5 a6
59.Qc4+ Kf3 60.Kc6 Ke3 61.Kb6 Kd2 62.Qc5 Qd3 63.Kb7 Kd1 64.Kb6 1/2-1/2

[Event "Master Open"]
[Site "Voronezh"]
[Date "2018.06.13"]
[Round "2.8"]
[White "Chigaev, Maksim"]
[Black "Rodin, Dmitrij"]
[Result "1-0"]
[WhiteElo "2577"]
[BlackElo "2402"]
[Annotator ""]
[Source ""]
[Remark ""]

1.e4 e5 2.Bc4 Nf6 3.d3 Nc6 4.Nf3 Bc5 5.O-O a6 6.a4 O-O 7.c3 h6
8.Re1 d6 9.h3 Ba7 10.Nbd2 Re8 11.b4 Be6 12.Bxe6 Rxe6 13.Qc2 Qd7
14.Nf1 Ree8 15.Ng3 a5 16.b5 Ne7 17.Bb2 Ng6 18.c4 Nh7 19.d4 Ng5
20.Nxg5 hxg5 21.c5 Nf4 22.Rad1 exd4 23.Bxd4 Ne6 24.Be3 g6 25.e5
Qc8 26.cxd6 cxd6 27.Qxc8 Rexc8 28.b6 Bb8 29.exd6 Rd8 30.Ne4 Kg7
31.g3 f5 1-0

[Event "Master Open"]
[Site "Voronezh"]
[Date "2018.06.13"]
[Round "2.9"]
[White "Nozdrachev, Leonid"]
[Black "Bocharov, Dmitry"]
[Result "0-1"]
[WhiteElo "2400"]
[BlackElo "2576"]
[Annotator ""]
[Source ""]
[Remark ""]

1.d4 f5 2.Nc3 Nf6 3.Bg5 d5 4.Bxf6 exf6 5.e3 c6 6.Bd3 Be6 7.Qf3
g6 8.Nge2 h5 9.h3 Bf7 10.O-O-O Nd7 11.g4 hxg4 12.hxg4 fxg4 13.Qxg4
f5 14.Qg3 Rxh1 15.Rxh1 Qf6 16.Qc7 Rb8 17.Qg3 Bd6 18.f4 Ke7 19.Ng1
Rh8 20.Rh3 Rxh3 21.Qxh3 c5 22.Nf3 cxd4 23.Nxd4 Bb4 24.Nde2 Nc5
25.Qh1 Kf8 26.Bb5 a6 27.Nxd5 Bxd5 28.Qxd5 axb5 29.a3 Bxa3 30.Nd4
Qe7 31.bxa3 Qxe3+ 32.Kb1 b6 33.Nxb5 Qxf4 34.Nd6 Kg7 35.Qf7+ Kh6
36.Qf6 Kh5 37.Nf7 Qf1+ 38.Ka2 Qc4+ 39.Kb1 Qb5+ 40.Kc1 Qf1+ 41.Kb2
Na4+ 42.Ka2 Qc4+ 0-1

[Event "Master Open"]
[Site "Voronezh"]
[Date "2018.06.13"]
[Round "2.10"]
[White "Savchenko, Boris"]
[Black "Lazarov, Alexander"]
[Result "1-0"]
[WhiteElo "2565"]
[BlackElo "2389"]
[Annotator ""]
[Source ""]
[Remark ""]

1.e4 g6 2.d4 Bg7 3.Nf3 d6 4.c4 Bg4 5.Be2 c5 6.d5 Bxf3 7.Bxf3
Qa5+ 8.Bd2 Qa6 9.Nc3 Bh6 10.Nb5 Bxd2+ 11.Qxd2 Qb6 12.Qc3 f6 13.Qd2
Nd7 14.O-O a6 15.Nc3 Ne5 16.Be2 g5 17.Rab1 Qb4 18.Qc2 Qa5 19.a3
Qc7 20.b4 b6 21.bxc5 bxc5 22.Rb3 Rb8 23.Rxb8+ Qxb8 24.Rb1 Qa7
25.Qb3 Kf7 26.Qb8 Qxb8 27.Rxb8 h5 28.Ra8 g4 29.a4 Kg7 30.Rxa6
Nh6 31.Ra7 Rb8 32.Nb5 Kf8 33.a5 f5 34.a6 fxe4 35.Rc7 Nf5 36.a7
Ra8 37.Rb7 Kf7 38.Rb8 1-0

[Event "Master Open"]
[Site "Voronezh"]
[Date "2018.06.13"]
[Round "2.11"]
[White "Belous, Vladimir"]
[Black "Salemgareev, Tagir"]
[Result "1/2-1/2"]
[WhiteElo "2555"]
[BlackElo "2387"]
[Annotator ""]
[Source ""]
[Remark ""]

1.e4 c5 2.Nc3 Nc6 3.Bb5 Nd4 4.Nf3 e6 5.O-O a6 6.Bd3 Nxf3+ 7.Qxf3
Qc7 8.a4 Bd6 9.g3 Ne7 10.Qh5 b6 11.b3 Be5 12.Bb2 Bd4 13.Rae1
Bb7 14.e5 Ng6 15.Nd1 Bxb2 16.Nxb2 O-O 17.Nc4 f5 18.exf6 Rxf6
19.Ne5 Nxe5 20.Rxe5 Rh6 21.Qe2 Rf6 22.f4 Qd6 23.Qe3 Rc8 24.f5
exf5 25.Rexf5 Rxf5 26.Rxf5 h6 27.Bc4+ Kh8 28.Qf4 Qxf4 29.gxf4
Be4 30.Rf7 b5 31.axb5 axb5 32.Bxb5 Bxc2 33.Bxd7 Rb8 34.Bg4 Bxb3
35.Rc7 Rb4 36.Bf5 Kg8 37.Bg6 Rxf4 38.Rc8+ Rf8 39.Rxc5 Bf7 40.Be4
Rd8 41.d3 Kf8 42.Kf2 Rd6 43.Ke3 Bg6 44.Bd5 Ke7 45.Bc4 Kf6 46.d4
Bf5 47.Rc7 Be6 48.Kd3 g5 49.Bxe6 Rxe6 50.d5 Re7 51.Rc6+ Ke5 52.Kc4
h5 53.Kc5 h4 54.Rc8 g4 55.d6 Rg7 56.Rc7 Rg8 57.Re7+ Kf4 58.Rh7
Kg5 59.d7 g3 60.Rg7+ Rxg7 61.d8Q+ Kg4 62.Qd4+ Kh3 63.Qxg7 g2
64.Qc3+ Kxh2 65.Qe5+ Kh1 66.Qe4 h3 67.Kd4 Kh2 68.Qf4+ Kh1 69.Qf3
Kh2 70.Qf2 Kh1 71.Qf3 Kh2 72.Qf4+ Kh1 73.Qe4 Kh2 74.Qe5+ 1/2-1/2

[Event "Master Open"]
[Site "Voronezh"]
[Date "2018.06.13"]
[Round "2.12"]
[White "Iljiushenok, Ilia"]
[Black "Provotorov, Ivan"]
[Result "1-0"]
[WhiteElo "2530"]
[BlackElo "2378"]
[Annotator ""]
[Source ""]
[Remark ""]

1.e4 e5 2.Nf3 Nc6 3.d4 exd4 4.Nxd4 Nf6 5.Nxc6 bxc6 6.e5 Qe7 7.Qe2
Nd5 8.h4 d6 9.c4 Nb6 10.exd6 cxd6 11.Nc3 Bg4 12.Qxe7+ Bxe7 13.Be3
O-O 14.Rc1 Bf6 15.b3 d5 16.cxd5 Nxd5 17.Nxd5 cxd5 18.f3 Bf5 19.g4
Bb2 20.Rd1 Rfe8 21.Kf2 d4 22.Bf4 Be6 23.Ba6 Bd5 24.Rhe1 Re6 25.Rxe6
Bxe6 26.Bc1 Bc3 27.Bd2 h5 28.gxh5 Bf5 29.Bf4 Rd8 30.Bd3 Rd5 31.h6
g6 32.Bc4 Ra5 33.a4 Bc2 34.Rc1 d3 35.Bxd3 Bd4+ 36.Ke2 Bxb3 37.Rc7
Rxa4 38.h5 Ra2+ 39.Bd2 Be5 40.Rc8+ Kh7 41.Rc6 Rxd2+ 42.Kxd2 Kxh6
43.hxg6 fxg6 44.Rxg6+ Kh5 45.Ke3 a5 46.f4 Bc3 47.Rc6 Bb4 48.Be2+
Kh4 49.Kf2 Bf8 50.Rf6 Bc5+ 51.Kg2 1-0

[Event "Master Open"]
[Site "Voronezh"]
[Date "2018.06.13"]
[Round "2.13"]
[White "Anikonov, Dmitry"]
[Black "Tsydypov, Zhamsaran"]
[Result "0-1"]
[WhiteElo "2394"]
[BlackElo "2522"]
[Annotator ""]
[Source ""]
[Remark ""]

1.d4 Nf6 2.c4 e6 3.g3 d5 4.Nf3 Be7 5.Bg2 O-O 6.O-O c6 7.Qc2 b6
8.Nbd2 Bb7 9.e4 Na6 10.cxd5 cxd5 11.e5 Ne4 12.a3 Rc8 13.Qb3 Qd7
14.Rd1 Bc6 15.Qe3 Ba4 16.Re1 Bc2 17.Nxe4 Bxe4 18.Bd2 Nb8 19.Bf1
Nc6 20.Bc3 Na5 21.Nd2 Bf5 22.f4 Rfd8 23.Qf3 Nc4 24.Nxc4 dxc4
25.Rac1 f6 26.g4 Bg6 27.Rcd1 fxe5 28.dxe5 Bd3 29.Kh1 Qd5 30.Qxd5
Rxd5 31.Bxd3 cxd3 32.Re3 Rc4 33.Rexd3 Rxd3 34.Rxd3 Rxf4 35.Rd7
Bc5 36.b4 Be3 37.Kg2 Rxg4+ 38.Kf3 Rc4 39.Be1 Bf4 40.Rxa7 Bxe5
41.h3 Bb2 42.b5 Bd4 43.a4 e5 44.Ke4 h5 45.Kd5 Rc5+ 46.Ke4 Rc2
47.Kf3 Kh7 48.h4 Kg6 49.Bb4 Kf5 50.Rf7+ Ke6 51.Re7+ Kf6 52.Ra7
Rc4 53.Bd2 Bc5 54.a5 Rc2 55.Bg5+ Kf5 56.Rf7+ Ke6 57.Rc7 bxa5
58.b6 Kd5 0-1

[Event "Master Open"]
[Site "Voronezh"]
[Date "2018.06.14"]
[Round "3.15"]
[White "Volkov, Sergey"]
[Black "Looshnikov, Nikolai"]
[Result "1/2-1/2"]
[WhiteElo "2580"]
[BlackElo "2424"]
[Annotator ""]
[Source ""]
[Remark ""]

1.d4 Nf6 2.c4 e6 3.Nc3 Bb4 4.e3 c5 5.Nge2 d5 6.a3 Bxc3+ 7.Nxc3
cxd4 8.exd4 dxc4 9.Bxc4 Nc6 10.Be3 O-O 11.O-O b6 12.Qd3 Bb7 13.Rad1
h6 14.Ba2 Ne7 15.Bf4 Ng6 16.Bc1 Nd5 17.g3 Qd7 18.h4 Rfd8 19.h5
Nxc3 20.Qxc3 Rac8 21.Qe3 Ne7 22.Qf4 Rc2 23.g4 Re2 24.f3 Bd5 25.Bb1
Bb3 26.Rde1 Rxe1 27.Rxe1 Qxd4+ 28.Qxd4 Rxd4 29.Be3 Rd1 30.Rxd1
Bxd1 31.Kf2 f6 32.Ba2 Kf7 33.Kg3 Bc2 34.Bc4 Nc6 35.Bb5 Ne5 36.f4
Bd3 37.fxe5 Bxb5 38.Bd4 Ba4 39.exf6 gxf6 40.Be3 Kg7 41.Kh4 Bd1
42.Bd2 e5 43.Be3 Bb3 44.Bd2 a5 45.Be3 b5 46.Bd2 a4 47.Be3 Be6
48.Bd2 f5 49.gxf5 Bxf5 50.Be3 Be6 51.Bd2 Bg8 52.Be3 Bf7 1/2-1/2

[Event "Master Open"]
[Site "Voronezh"]
[Date "2018.06.14"]
[Round "3.16"]
[White "Yeritsyan, Aram"]
[Black "Belous, Vladimir"]
[Result "1/2-1/2"]
[WhiteElo "2370"]
[BlackElo "2555"]
[Annotator ""]
[Source ""]
[Remark ""]

1.e4 c5 2.Nf3 g6 3.d4 Bg7 4.dxc5 Qa5+ 5.c3 Qxc5 6.Na3 b6 7.Be3
Qc7 8.Nb5 Qc6 9.Nfd4 Qb7 10.Bc4 a6 11.Qf3 Nf6 12.e5 axb5 13.Nxb5
O-O 14.exf6 Bxf6 15.Bd5 Nc6 16.O-O Ra6 17.Bh6 Bg7 18.Bg5 e6 19.Bxc6
dxc6 20.Nd6 Qc7 21.Nxc8 Rxc8 22.Bf6 Ra5 23.Bxg7 Kxg7 24.Rfd1
Rd8 25.Rxd8 Qxd8 26.Rd1 Rd5 27.Rxd5 Qxd5 28.Qxd5 exd5 29.a4 Kf6
30.Kf1 Ke5 31.Ke2 c5 32.b4 f5 33.f4+ Kd6 34.Kd3 Kc6 35.Ke3 d4+
36.cxd4 cxb4 37.Kd3 Kd5 38.h3 b3 39.Kc3 b2 40.Kxb2 Kxd4 41.Kb3
Ke3 42.Kb4 1/2-1/2

[Event "Master Open"]
[Site "Voronezh"]
[Date "2018.06.14"]
[Round "3.17"]
[White "Maiorov, Nikita"]
[Black "Cherniaev, Alexander"]
[Result "1/2-1/2"]
[WhiteElo "2533"]
[BlackElo "2417"]
[Annotator ""]
[Source ""]
[Remark ""]

1.d4 e6 2.c4 b6 3.Nc3 Bb7 4.a3 Nf6 5.Nf3 g6 6.Bf4 Bg7 7.e3 O-O
8.h3 Ne4 9.Nxe4 Bxe4 10.Be2 d6 11.O-O Nd7 12.Bg3 a5 13.Rc1 a4
14.Nd2 Bc6 15.Nb1 f5 16.Nc3 Nf6 17.Bd3 Nh5 18.Bh2 f4 19.Be4 Bxe4
20.Nxe4 Ra5 21.Re1 fxe3 22.fxe3 Bh6 23.Nd2 Qh4 24.Nf3 Qe4 25.Rc3
Nf6 26.Nd2 Qh4 27.Nf3 Qe4 28.Nd2 Qh4 1/2-1/2

[Event "Master Open"]
[Site "Voronezh"]
[Date "2018.06.14"]
[Round "3.18"]
[White "Gabrielian, Artur"]
[Black "Palachev, Petr"]
[Result "1-0"]
[WhiteElo "2506"]
[BlackElo "2405"]
[Annotator ""]
[Source ""]
[Remark ""]

1.e4 c6 2.d4 d5 3.Nd2 dxe4 4.Nxe4 Nf6 5.Nxf6+ exf6 6.c3 Bd6 7.Bd3
O-O 8.Ne2 Re8 9.Qc2 h6 10.O-O Qc7 11.Ng3 Nd7 12.Kh1 Nf8 13.Ne4
Bf4 14.Re1 Be6 15.Bxf4 Qxf4 16.Re3 b6 17.Rf3 Qh4 18.Nd6 Red8
19.Nf5 Bxf5 20.Rxf5 Rd5 21.g3 Qg4 22.f3 Qh3 23.Re1 Rad8 24.Kg1
Rxf5 25.Bxf5 Qh5 26.Qe4 c5 27.Qe7 Rd5 28.Be4 Rd7 29.Qe8 cxd4
30.Bc6 dxc3 31.Bxd7 Qc5+ 32.Kg2 cxb2 33.Ba4 Qb4 34.Bb3 Qd2+ 35.Kh3
Kh7 36.Bxf7 Qd3 37.Qe4+ Qxe4 38.fxe4 Nd7 39.Rb1 Ne5 40.Bb3 1-0

[Event "Master Open"]
[Site "Voronezh"]
[Date "2018.06.14"]
[Round "3.19"]
[White "Khegay, Dmitriy"]
[Black "Faizrakhmanov, Ramil"]
[Result "1/2-1/2"]
[WhiteElo "2495"]
[BlackElo "2388"]
[Annotator ""]
[Source ""]
[Remark ""]

1.d4 Nf6 2.c4 e6 3.Nc3 Bb4 4.Qb3 c5 5.dxc5 Nc6 6.Nf3 Ne4 7.Bd2
Nxd2 8.Nxd2 Bxc5 9.g3 O-O 10.Bg2 b6 11.O-O Bb7 12.Qa4 Bd4 13.Rac1
Bxc3 14.Rxc3 Qc7 15.Nf3 a6 16.Rd1 b5 17.Qc2 bxc4 18.Rxc4 Rac8
19.Nd4 h6 20.Bxc6 Bxc6 21.Nxc6 dxc6 22.b3 Rfd8 23.Rxd8+ Qxd8
24.Rxc6 Rxc6 25.Qxc6 Qd1+ 26.Kg2 Qxe2 27.Qe8+ Kh7 28.Qxf7 Qxa2
29.Qxe6 a5 30.h4 Qd2 31.Qe4+ Kh8 32.Qc4 Qd8 33.Kh3 Qd7+ 34.Kg2
Qb7+ 35.f3 Qe7 36.g4 Qe8 37.h5 Qd7 38.Kg3 Qd6+ 39.Qf4 Qc5 40.Qd2
Qc7+ 41.Kg2 Qb6 42.Qc2 Qd4 43.Kf1 Qe3 44.Qd1 Qe5 45.Kf2 Qh2+
46.Ke3 Qe5+ 47.Kd3 Qb5+ 48.Kd2 Qc6 49.Qc2 Qxf3 50.Qc8+ Kh7 51.Qf5+
Qxf5 52.gxf5 Kg8 53.Kc3 Kf7 54.Kc4 Kf6 55.Kb5 Kxf5 56.Kxa5 g5
57.hxg6 Kxg6 58.b4 1/2-1/2